000 00277nam a22001217a 4500
008 181001b xxu||||| |||| 00| 0 eng d
041 _aeng
080 _23rd
_a574
100 _a9
101 _aMJE
245 _aSoil Fertility and Fertilizers
_cTisdale,S.L
942 _2udc
_cBK
999 _c48763
_d48763